00701nam a2200253 a 4500001001300000003000900013005001700022008004100039020001000080082001700090100002500107245001100132260004500143300000900188500003500197505001000232650002000242650001700262700002500279902000800304942000700312952011300319999001500432nice12345678IN_TiNIC20260116013035.0050524s1993 dela grp 000 0 eng  ac35000a297.821bENG aEngineer, Asghar Ali aBohras aDelhi bVikas Pub House Pvt. Ltd. c1993 a335p aincludes index and biblioraphy2 aIndex aShiah-Taqiiyyah aBohras-Islam1 aEngineer, Asghar Ali bSRS cBK 00104070aHMIbHMId2008-02-25g350.00l6m1o297.821 ENGp014941r2019-06-25s2019-06-20w2026-01-16yEB c9394d9394